[Event "FIDE Candidates 2018"]
[Site "Berlin GER"]
[Date "2018.03.14"]
[Round "4"]
[White "Grischuk, Alexander"]
[Black "Ding, Liren"]
[Result "1/2-1/2"]
[WhiteElo "2767"]
[BlackElo "2769"]
[PlyCount "102"]
[EventDate "2018.03.10"]

1. d4 Nf6 2. c4 e6 3. Nf3 d5 4. Nc3 c6 5. Bg5 h6 6. Bh4 dxc4 7. e4 g5 8. Bg3 b5
9. Be2 Bb7 10. O-O Nbd7 11. Ne5 Bg7 (11... a6 12. f4 gxf4 13. Bxf4 Bg7 14. Nxf7
Kxf7 15. e5 Rf8 16. exf6 Nxf6 {Grischuk,A (2737)-Korobov,A (2692) Doha 2016})
12. Nxf7 Kxf7 13. e5 Nd5 14. Ne4 Qb6 15. Nd6+ Ke7 16. a4 $146 (16. Bg4 h5 (
16... Raf8 17. Qc2 Qxd4 18. Qg6 Qxg4 19. Qxg7+ Kd8 20. Nxb7+ Kc8 21. a4 b4 {
Topalov,V (2780)-Kramnik,V (2799) Wijk aan Zee NED 2008}) 17. Bxh5 Raf8 18. Qg4
Bh6 19. h4 Rhg8 20. hxg5 Bxg5 21. Ne4 Ne3 22. Qxg5+ Rxg5 23. Bh4 Kd8 {Shirov,A
(2740)-Karjakin,S (2732) Foros 2008}) 16... Raf8 17. Bf3 a6 18. Bxd5 cxd5 19.
axb5 axb5 20. Kh1 Bc6 ({"Black should play} 20... Ba6 21. f4 b4 {and in fact
White doesn't have threats.} 22. Qc2 gxf4 23. Bh4+ Bf6 {and Black is OK." 
(Grischuk)}) 21. f4 gxf4 22. Rxf4 ({Winning was} 22. Bh4+ $1 Bf6 23. Qg4 $1
Rhg8 24. exf6+ Kxd6 25. Qxf4+ e5 26. dxe5+) 22... Rxf4 23. Bxf4 Kd8 (23... Ra8
24. Rxa8 Bxa8 25. Nc8+ {Grischuk}) 24. Qg4 Rf8 25. Bd2 (25. h3 Qxd4 26. Bg5+
hxg5 27. Qxd4 Bxe5 {Grischuk} 28. Qg4 Bxd6 29. Qxe6 Rf6 {and "probably Black
is winning even." (Grischuk)}) 25... Kc7 26. h3 (26. Ne8+ Rxe8 27. Ba5 Qxa5 28.
Rxa5 Kb6 {is highly unclear.}) 26... b4 27. Qxg7 Qxd4 28. Bxb4 Qxb2 29. Ba5+
Kb8 30. Rg1 c3 {"I was just not too afraid of this pawn somehow. I thought I
will block it." (Grischuk)} ({After} 30... d4 {(Grischuk) White has to find}
31. Qe7 $1 (31. Nxc4 Qb3) (31. Qg4 Qa2 $1 32. Be1 c3)) 31. Qe7 c2 32. Bd2 Qxe5
33. Bxh6 Rg8 34. Nf7 Qc3 35. Qd6+ Kb7 36. Qxe6 d4 37. Nd6+ Kb6 38. Ne4 (38. Bd2
c1=Q 39. Rxc1 Bxg2+ 40. Kg1 Bd5+ 41. Qxg8 Qxc1+ 42. Bxc1 Bxg8 {"and draw" 
(Grischuk)}) 38... Nc5 39. Qxg8 ({Grischuk said he was "very stupid" that he
didn't go for} 39. Qxc6+ Kxc6 40. Nxc3 dxc3 41. Rc1 {"but I just misjudged 
[the game continuation]. I think I barely survived."}) 39... Nxe4 40. Kh2 d3
41. Be3+ Kb5 42. Qb8+ Kc4 43. Qc7 Qf6 44. Rf1 Qd6+ 45. Qxd6 Nxd6 46. Rf6 Kd5
47. Rxd6+ Kxd6 48. Kg3 Kd5 49. Kf2 Kc4 50. Bd2 Kb3 51. Ke3 Bxg2 1/2-1/2

[Event "FIDE Candidates 2018"]
[Site "Berlin GER"]
[Date "2018.03.14"]
[Round "4"]
[White "Mamedyarov, Shakhriyar"]
[Black "So, Wesley"]
[Result "1/2-1/2"]
[WhiteElo "2809"]
[BlackElo "2799"]
[PlyCount "62"]
[EventDate "2018.03.10"]

1. d4 Nf6 2. c4 e6 3. Nc3 Bb4 4. Qc2 d5 5. a3 Bxc3+ 6. Qxc3 Ne4 7. Qc2 c5 8.
dxc5 Nc6 9. cxd5 exd5 10. Nf3 (10. e3 Qf6 11. f3 Qh4+ 12. g3 Nxg3 13. Qf2 Nf5
14. Qxh4 Nxh4 15. b4 a5 {Morozevich,A (2675)-Harikrishna,P (2737) Biel 2017})
10... Qf6 11. e3 Bg4 12. Be2 O-O 13. O-O Rfe8 14. Bd2 d4 15. Rad1 Nxd2 16. Rxd2
$146 (16. Qxd2 Rad8 17. Qc1 d3 18. Rxd3 Rxd3 19. Bxd3 Bxf3 20. gxf3 Ne5 21. Be4
Nxf3+ 22. Bxf3 Qxf3 23. Qd1 Qf5 {Bareev,E (2683)-Ivanchuk,V (2741) Havana 2006}
) 16... dxe3 17. Rd6 Re6 18. fxe3 Rxd6 19. cxd6 Bxf3 20. Bxf3 Qxd6 21. Qb3 Qe7
22. Bd5 Nd8 23. Rc1 Qd7 24. Qc4 Ne6 25. Bxe6 fxe6 26. Qd4 Qxd4 27. exd4 Rf8 28.
Rc7 Rf7 29. Rc8+ Rf8 30. Rc7 Rf7 31. Rc8+ Rf8 1/2-1/2

[Event "FIDE Candidates 2018"]
[Site "Berlin GER"]
[Date "2018.03.15"]
[Round "5.2"]
[White "Caruana, Fabiano"]
[Black "Karjakin, Sergey"]
[Result "1/2-1/2"]
[WhiteElo "2784"]
[BlackElo "2763"]
[PlyCount "61"]
[EventDate "2018.03.10"]

1. d4 Nf6 2. c4 e6 3. g3 d5 4. Bg2 Be7 5. Nf3 O-O 6. Qb3 c6 7. O-O dxc4 {
Karjakin played this since he knew the position would be the same as in lines
with Qc2.} 8. Qxc4 b5 9. Qc2 Bb7 {Generally Black's big goal is to get in ...
c5 to remove both his backward pawn and the outpost on c5.} 10. Nbd2 (10. Rd1 {
at least hopes to prevent the freeing move}) 10... c5 $1 {Well, that was easy!
Caruana wanted to get a "grip on the position by piling up on c5 with moves
like Nb3, but Black couldn't let that happen. Black will recover the pawn
without issue.} 11. dxc5 Na6 12. Nb3 Be4 13. Qc3 Rc8 14. Be3 Nd5 15. Qd2 Bxf3
16. Bxf3 Nxe3 17. Qxe3 Nxc5 {All of this was known exactly to Karjakin.} 18.
Nxc5 (18. Nd4 Bg5 {--Karjakin}) 18... Bxc5 19. Qb3 Qb6 20. e3 Be7 21. Rfd1 Rc7
22. Rac1 Rfc8 23. Rxc7 Rxc7 24. Kg2 g6 25. Rd2 Kg7 26. Rc2 Rxc2 27. Qxc2 Qc5
28. Qxc5 Bxc5 29. b3 f5 30. a4 bxa4 31. bxa4 1/2-1/2

[Event "FIDE Candidates 2018"]
[Site "Berlin GER"]
[Date "2018.03.15"]
[Round "5.3"]
[White "So, Wesley"]
[Black "Kramnik, Vladimir"]
[Result "1/2-1/2"]
[WhiteElo "2799"]
[BlackElo "2800"]
[PlyCount "114"]
[EventDate "2018.03.10"]

1. c4 e6 2. Nf3 d5 3. d4 Nf6 4. Nc3 c5 5. cxd5 Nxd5 6. e4 Nxc3 7. bxc3 cxd4 8.
cxd4 Bb4+ 9. Bd2 Bxd2+ 10. Qxd2 O-O 11. Bc4 Nd7 12. O-O b6 13. Rad1 Bb7 14.
Rfe1 Rc8 15. Bb3 Re8 16. h3 (16. Re3 Nf6 17. Qd3 b5 18. d5 exd5 19. e5 Ne4 20.
Qxb5 Qb6 21. Qxb6 axb6 {So,W (2788)-Dominguez Perez,L (2739) Saint Louis 2017})
16... Nf6 17. Qf4 Nh5 $146 (17... Qc7 18. Qh4 h6 19. Re3 b5 20. Ne5 a5 21. a4
bxa4 22. Bxa4 Red8 23. f3 Ba8 {Epishin,V (2574)-Del Rio de Angelis,S (2489)
Calvia 2005}) 18. Qe5 Nf6 19. Qf4 Nh5 20. Qh2 {Kramnik was still in his
preparation here.} h6 21. d5 exd5 22. exd5 (22. e5 g6 23. Nd4 Qd7 {Kramnik})
22... Rxe1+ 23. Nxe1 Qf6 24. Nd3 Ba6 {"The pawn looks dangerous but I'm in
time." (Kramnik)} 25. Qe5 {"The best try." (Kramnik)} (25. Nb4 Be2) (25. d6
Bxd3 26. d7 Rd8 27. Rxd3 Nf4 {Kramnik}) 25... Bxd3 26. Qxh5 Bc2 27. Rc1 Bf5 28.
Rxc8+ Bxc8 29. d6 {"Important." (Kramnik)} (29. Qd1 Qd6) 29... g5 {Stopping
Qd5.} 30. Qd1 (30. h4 gxh4) (30. Qe2 Qxd6 31. Qe8+ Qf8 32. Bxf7+ Kg7 {Kramnik})
30... Bd7 31. Qd5 Kg7 ({Kramnik wanted both ...a5 and ...Kg7 "and at least I
can try."} 31... a5 32. Bd1 Qa1 33. Kh2 Qc1 34. Bg4 Qf4+ 35. Kg1 Qc1+ {Kramnik}
) 32. Qb7 Qa1+ 33. Kh2 Qe5+ 34. Kg1 Qxd6 35. Qxa7 h5 36. Qb7 h4 37. Qf3 Qe7 38.
Qc3+ f6 39. Qc4 Qe8 40. Qb4 b5 41. a3 Qe5 42. Bd1 Bc6 43. Bf3 Be8 44. Kf1 Bf7
45. Be2 Be8 46. Bf3 f5 47. Kg1 Bf7 48. Qd2 Kg6 49. Qc1 Be6 50. Qc6 Kf6 51. Qe8
Qa1+ 52. Kh2 Qxa3 53. Qd8+ Qe7 54. Qh8+ Qg7 55. Qd8+ Kg6 56. Qe8+ Qf7 57. Qxb5
Qc7+ 1/2-1/2

[Event "FIDE Candidates 2018"]
[Site "Berlin GER"]
[Date "2018.03.15"]
[Round "5.4"]
[White "Ding, Liren"]
[Black "Mamedyarov, Shakhriyar"]
[Result "1/2-1/2"]
[WhiteElo "2769"]
[BlackElo "2809"]
[PlyCount "61"]
[EventDate "2018.03.10"]

1. d4 Nf6 2. c4 e6 3. Nf3 d5 4. g3 Be7 5. Bg2 O-O 6. O-O dxc4 7. Qc2 a6 8. a4
Bd7 9. Qxc4 Bc6 10. Bf4 Bd6 11. Bg5 Nbd7 12. Nc3 h6 13. Bc1 {An uncommon move,
as you might expect. The idea is to spend the extra tempos to reroute the
bishop to b3 rather than have it get in the way on, say, d2.} a5 (13... e5 14.
e4 {Was Ding's idea. "I didn't expect [Mamedyarov] to play this line."}) 14. b3
Qe7 15. Bb2 Rfd8 16. Rac1 {Mildly criticized by Mamedyarov as passive, as it
also allows Black, who is a little short on space, to exchange bishops despite
weakening c7.} Ba3 17. Bxa3 Qxa3 18. Nb5 Qe7 $1 19. Qc2 (19. Nxc7 Nb6 20. Qc2
Rac8 {was the line that Black thought White has missed, but in face Ding
admitted that he didn't see the ...Ba3 idea at all.}) 19... Bxf3 20. Bxf3 c6
21. Nc3 Nb6 22. e3 e5 23. dxe5 Qxe5 24. Rfd1 g6 25. Rd2 Rd7 26. Rxd7 Nbxd7 27.
Rd1 h5 28. Rd4 (28. h4 {was Ding's preference after the game, as you'll
understand below.}) 28... Nc5 29. h4 (29. Nd5 $2 Ne6 $1 30. Nxf6+ Qxf6 {and
Black wins due to the twin threats [Mamedyarov]. Ding again admitted that he
didn't see this, otherwise he would have played 28. h4 instead.}) 29... Kg7 30.
Kg2 Ne6 31. Rd1 {Mamedyarov joked that if the game continued he would have
played 31...Rh8 and "fake" playing ...g5. But an homage to Kramnik this was
not; he would have simply toggled the rook on the next move! Why not trading
rooks with 31...Rd8? Mamedyarov thought White would swap, then play the exotic
maneuver Nc3-b1-d2-c4, targeting the weak queenside pawns.} 1/2-1/2

[Event "FIDE Candidates 2018"]
[Site "Berlin GER"]
[Date "2018.03.16"]
[Round "6"]
[White "So, Wesley"]
[Black "Aronian, Levon"]
[Result "1-0"]
[WhiteElo "2799"]
[BlackElo "2794"]
[PlyCount "155"]
[EventDate "2018.03.10"]

1. e4 e5 2. Nf3 Nc6 3. Bb5 a6 4. Ba4 Nf6 5. O-O Be7 6. Re1 b5 7. Bb3 O-O 8. a4
b4 9. a5 d6 10. d3 Be6 11. Bxe6 fxe6 12. Nbd2 Rb8 {This line was heavily
discussed last year in St. Louis.} 13. Nb3 ({Carlsen chose instead} 13. c3 Qe8
14. Nc4 Qg6 15. h3 Nd7 16. Be3 d5 17. Ncd2 bxc3 18. bxc3 Nc5 19. Bxc5 Bxc5 20.
Qa4 {and went on to win later, Carlsen,M (2822)-Aronian,L (2809) Saint Louis
2017. However, there remained a lot of questions about White's chances in this
game.}) 13... Qc8 14. h3 $146 {So improves on another St. Louis game.} ({In
that one the world champion defended the black color after} 14. Qe2 Nd8 15. d4
exd4 16. Nbxd4 c5 17. Nb3 e5 18. Nbd2 Ne6 {Caruana,F (2807) -Carlsen,M (2822)
Saint Louis 2017}) 14... Nd8 15. Be3 c5 16. Nbd2 Nc6 17. c3 Rb5 18. d4 ({White
can of course keep the pawn with either} 18. Nc4) ({Or} 18. Nb3 {but Black
would have no problems at all in these lines.}) 18... exd4 {An ambitious move.}
({Aronian saw that he can equalize with:} 18... bxc3 19. bxc3 exd4 20. cxd4 c4
({Probably also good is} 20... cxd4 21. Nxd4 Nxd4 22. Bxd4 Nd7) ({Maybe even} 
20... Nxa5 21. dxc5 dxc5 22. Qa4 {is a better version of the game continuation
for Black. Although with so many weaknesses White still has decent
compensation for a pawn.}) 21. Nxc4 Nxe4 {"should be around equal" (Aronian)})
(18... Nxa5 $2 {should be avoided though as it drops a piece after} 19. dxe5
dxe5 (19... bxc3 20. bxc3 dxe5 21. c4) 20. c4) 19. cxd4 Nxa5 20. dxc5 dxc5 {In
return for the pawn White has active pieces and can exploit the many
weaknesses in the opponent's camp.} 21. Ra2 {"I kind of prepared this line" 
(So). He later revealed that he considered the position equal.} Qb7 ({Here and
on the next moves Aronian avoids} 21... Nc6 {in order to keep the c4 square
under control and not to let the white queen there.}) ({The American GM
expected} 21... Nd7 {with the idea Nd7-b8-c6.}) 22. b3 ({If} 22. Qa1 Bd8) 22...
Kh8 {"I was a little surprised by this, but it is probably a good move." (So)}
({Aronian disliked the position after:} 22... Nxe4 23. Nxe4 Qxe4 24. Bg5 Qb7
25. Qe2 Bxg5 26. Nxg5 {"maybe it holds somehow but it was not the position I
wanted to get" (Aronian)} Qd5 27. Nxe6) ({Black also disliked} 22... Nd7 23.
Qe2 {as he felt he should keep the knight on f6.}) 23. Qc2 {So is combining
threats against the weaknesses on the queenside with threats on the opposite
wing. Now e4-e5 followed by Nf3-g5 is always a threat.} Nd7 ({If} 23... Nc6 {
to centralize this knight, then either} 24. Nc4 ({Or} 24. Ng5)) 24. Rea1 Bd8
25. Nc4 ({Aronian saw the excellent reply to} 25. e5 c4 26. Nxc4 Nxc4 27. Qxc4
Rxf3 $1 {with a fantastic counter-attack.}) 25... Nxc4 26. Qxc4 Bf6 ({After} 
26... a5 27. Rd1 $1 {is strong.} ({Rather than} 27. Qxe6 Rb6 28. Qc4 Rd6 {
although here too, White is better.})) 27. Rd1 Qc6 28. Rad2 {Little by little
the white pieces occupied commanding positions.} Nb6 (28... Ne5 {is unpleasant
for Black after} 29. Nxe5 Bxe5 30. Rd8 {(Aronian, So)}) 29. Qc2 Qc7 {After
this move Black's position becomes too loose.} ({Black rejected} 29... Qc8 $1 {
on the account of} 30. e5 Bd8 31. Bg5 {But this seems way better than the game
continuation after} (31. Bxc5 $2 Rxc5 32. Rxd8 Rxc2 {wins for Black.}) 31...
Nd5 $1 {This was probably Black's best chance.}) ({After} 29... e5 30. Bg5 $1 {
is strong for White (Aronian)}) 30. e5 $1 {So breaks open the position for his
active pieces. The rook on b5 and the knight on b6 are out of the game and So
attacks practically with an extra rook.} ({Also quite unpleasant for the
second player was the resource} 30. Bg5 $5 {(Aronian) with the threat e4-e5
and if} c4 31. Bxf6 gxf6 32. Nd4 Re5 33. f4 {wins material for White.}) 30...
Be7 (30... Bxe5 $2 {drops material heavily after} 31. Ng5 g6 32. Nxe6) ({Here} 
30... Bd8 {does not work (see the line from the previous comment) due to} 31.
Bxc5 $1 Rxc5 32. Rxd8 Rxc2 33. Rxf8#) 31. Nd4 Rc8 ({Perhaps the last chance
was the eventual endgame after} 31... Qxe5 32. Nxb5 axb5 33. Re2 Qc3) 32. Nxe6
$1 {White keeps playing for the attack.} ({"It does not make any sense to take
the exchange"} 32. Nxb5 axb5 33. f4 Nd5 {"as Black is at least equal" (Aronian,
So). The black connected passers are perfectly supported by all his pieces.})
32... Qxe5 33. Nf4 {Aronian did not expect this and "relaxed too soon" after
seeing it. He later called the move "excellent practical chance."} ({Aronian
spend almost all his remaining time on the sharp and beautiful lines:} 33. Rd6
$1 {with the threat Be3-f4! (So did not see this) If} Kg8 ({The main tactical
point of the move is that} 33... Bxd6 $1 34. Ng5 {is a nasty double attack.}) (
{Probably} 33... Re8 {leaves defensive chances to Black.}) 34. Bf4 Qf6 35. Ng5
{wins for White.}) ({Black was also afraid of} 33. Nd8 {when after} Kg8 34. Rd7
c4 ({Aronian intended} 34... Qf6 {but this loses to} 35. Bg5 $3 Qxg5 36. Qe2 $1
) (34... h6) 35. Bd4 Qf5 $2 ({However} 35... Nxd7 $1 36. Bxe5 Nxe5 {provides
Black drawing chances.}) 36. Rxe7 Rxd8 (36... Qxc2 37. Re8#) 37. Rxg7+ {and
White should win.}) 33... Rf8 {This is "bad" (So); "a terrible move." (Aronian)
} (33... Kg8 $1 {was mandatory} 34. Re2 Bf8 {when Black can cement his
position.}) 34. Re2 $1 {Now the black pieces are once again loose.} Qc3 ({Last
chance was} 34... Bf6 $5) ({Aronian's initial plan was} 34... Qf5 35. Qxf5 Rxf5
{but then he spotted} 36. Bc1 $1 {"and Black can resign"(Aronian). For example}
Bf8 37. Rd8 Kg8 38. Ree8 c4 39. g4 Rf6 40. Ne6) 35. Qb1 $1 (35. Qa2 {with the
same idea was also very strong as indicated by the Armenian GM.}) 35... Qf6 ({
Or} 35... Nc8 36. Bd2 Qf6 37. Ne6 Rg8 38. Bg5 Qf7 39. Bxe7 Nxe7 (39... Qxe7 40.
Nd4) 40. Ng5 Qg6 41. Qxg6 Nxg6 42. Nf7#) 36. Bc1 $1 {"Here the game is already
finished. It is just (white) pieces coming." (Aronian)} c4 ({A curious line is
} 36... Qf7 37. Bb2 Bf6 38. Bxf6 Qxf6 39. Ne6 Rg8 40. Nc7 Ra5 41. Ne8 Qg5 42.
Nd6) 37. bxc4 Nxc4 ({Alas,} 37... Rg5 {does not work due to} 38. Re6 $1 {
(Aronian)} ({But not} 38. Ne6 $2 Rxg2+ $1 39. Kxg2 Qf3+)) 38. Re6 Qg5 {
Sacrifices the queen in the vain hope of a fortress.} ({Or else Black will
lose material on the pin} 38... Qf7 39. Rd7 Re8 40. Qe4) 39. Ng6+ ({There was
an alternative win} 39. Rd7 Bf6 40. Rf7 $1 Rbb8 (40... Rg8 41. Rexf6) 41. Rxf8+
Rxf8 42. Qxb4 Rc8 43. Qxc4 $1) 39... Qxg6 40. Rxg6 hxg6 41. Qe4 {This is the
problem. More material is lost.} Bf6 42. Qxc4 b3 43. Ba3 Rfb8 ({If} 43... b2
44. Bxf8 b1=Q 45. Rxb1 Rxb1+ 46. Kh2) 44. Rb1 b2 45. h4 {The rest is good
technique by So.} (45. Qa4 $5 a5 46. h4) 45... Ra5 (45... a5 46. Bd6 R8b7 47.
g4 Rb3 48. Kg2 {(Aronian, So)}) 46. Qd3 Rd8 (46... Bxh4 47. Rxb2) 47. Qb3 Rc8
48. Qb7 Rd8 49. Qb3 Rc8 50. Qb4 Rb5 51. Qg4 Rc3 (51... Rcb8 52. Qxg6) 52. Bxb2
Rxb2 53. Rxb2 Rc1+ 54. Kh2 Bxb2 55. Qxg6 Ra1 56. g4 a5 57. Qh5+ Kg8 58. Qb5 Ba3
({The utility of the kingside pawns is revealed after} 58... Bf6 59. Qe8+ Kh7
60. g5 Bc3 (60... Bb2 61. Qe4+ Kg8 62. g6 Kf8 63. Qe6) 61. Qh5+ Kg8 62. g6 Kf8
63. Qc5+) 59. Qe5 Rd1 60. Qe6+ Kh7 61. Qe4+ Kh8 62. Qa8+ Kh7 63. Qxa5 Bd6+ 64.
Kg2 Rd4 65. Qf5+ Kh8 66. Qh5+ Kg8 67. g5 Kf8 68. Qg6 Be7 69. Qf5+ Ke8 70. Kh3
Rd6 71. Qh7 Kf7 72. f4 Rd4 73. Qf5+ Ke8 74. Qe5 Rb4 75. Kg4 Kf8 76. Qf5+ Ke8
77. Qe6 Rd4 (77... Kf8 78. Qc8+ Kf7 79. g6+ Kxg6 80. Qf5+ Kh6 81. Qh5#) 78. Qe5
1-0

[Event "FIDE Candidates 2018"]
[Site "Berlin GER"]
[Date "2018.03.16"]
[Round "6"]
[White "Ding, Liren"]
[Black "Karjakin, Sergey"]
[Result "1/2-1/2"]
[WhiteElo "2769"]
[BlackElo "2763"]
[PlyCount "35"]
[EventDate "2018.03.10"]

1. Nf3 d5 2. g3 g6 3. d4 Bg7 4. Bg2 Nf6 5. c4 dxc4 6. O-O O-O 7. Na3 c5 8. dxc5
c3 9. Nb5 Na6 10. Nxc3 Nxc5 11. Nd4 $146 {"White is not objectively better but
at least the game gets more complicated than in the main line." (Karjakin)} ({
Karjakin wasn't afraid of} 11. Be3 Nfe4 12. Nxe4 Nxe4 13. Bd4 Bxd4 14. Qxd4
Qxd4 15. Nxd4 Nd6 {Kramnik,V (2787)-Wei,Y (2743) Wijk aan Zee 2018}) 11... Qb6
12. Be3 Qxb2 {"A typical manever." (Karjakin)} 13. Ncb5 (13. Ndb5 Nce4) 13...
Ne6 ({Karjakin wasn't sure about} 13... Ng4 14. Rb1 Nxe3 15. fxe3 Qxa2 16. Qc1)
14. Rb1 Qxa2 15. Ra1 Qb2 (15... Qc4 16. Ra4) 16. Rb1 (16. Qd3 Bd7 {Karjakin})
16... Qa2 17. Ra1 Qb2 18. Rb1 1/2-1/2

[Event "FIDE Candidates 2018"]
[Site "Berlin GER"]
[Date "2018.03.16"]
[Round "6"]
[White "Mamedyarov, Shakhriyar"]
[Black "Kramnik, Vladimir"]
[Result "1-0"]
[WhiteElo "2809"]
[BlackElo "2800"]
[PlyCount "127"]
[EventDate "2018.03.10"]

1. d4 d5 2. c4 e6 3. Nc3 Nf6 4. cxd5 Nxd5 5. e4 Nxc3 6. bxc3 c5 7. Rb1 Be7 8.
Bb5+ (8. Nf3 O-O 9. Bc4 Qc7 10. Qe2 a6 11. O-O b5 12. Bd3 Bb7 13. a4 bxa4 14.
Bf4 Qc8 {Carlsen,M (2832)-So,W (2815) Chess.com Speed Chess Ch 2017}) 8... Bd7
9. Bd3 cxd4 10. cxd4 Nc6 11. Be2 $146 (11. Nf3 Nb4 12. O-O Bc6 13. Bc4 b5 14.
Ne5 bxc4 15. Rxb4 Bxe4 16. Qa4+ Kf8 {Naroditsky,D (2626)-Shimanov,A (2646)
Saint Louis 2017}) 11... Rc8 12. Nf3 Qa5+ 13. Bd2 Bb4 14. Rb2 Bxd2+ 15. Qxd2
Qxd2+ 16. Kxd2 Na5 {Kramnik considered the endgame equal.} 17. Rbb1 Ke7 18.
Rhc1 f6 19. h4 Rhd8 20. Bd3 a6 21. Ke3 b5 22. g4 Be8 23. Ng1 Nc6 24. Ne2 Rd6 {
And here Kramnik thought he was better.} 25. Rd1 (25. a4 bxa4 26. Bxa6 Ra8 27.
Bb7 Ra7) 25... Rcd8 26. Bc2 Na5 27. Bd3 Nc6 28. Bc2 h5 29. g5 fxg5 30. e5 R6d7
31. hxg5 h4 32. g6 Na5 (32... h3 33. f4 Na5) 33. Rbc1 Rc7 34. Bd3 Rdc8 $2 {A
blunder based on a strange oversight. As Kramnik pointed out, he had many
alternatives.} (34... Bc6 35. Nf4 Rdc8) (34... Rxc1 35. Rxc1 Bc6 (35... h3 $5)
36. Nf4 Rh8 37. Bf1 Nc4+) (34... Nc4+ 35. Bxc4 Rxc4 36. Rxc4 bxc4 37. Rh1 Bxg6
38. Rxh4 {Mamedyarov}) 35. Rxc7+ Rxc7 36. Rh1 Nc4+ 37. Kf4 {In his earlier
calculations, Kramnik "had a hallicunation," thinking his rook was on c8
instead of c7. Therefore he had planned 37...Bc6 38.Rxh4 Rf8+ here, winning
back the pawn.} Nb2 38. Be4 b4 39. Rxh4 Nd1 40. f3 (40. Rh7 $1) 40... Nc3 41.
Nxc3 bxc3 42. Rh2 (42. Rh7 Kd8 43. Bc2 Rb7 44. Rh8 Ke7 45. Ke3 Rb2 46. Be4 Rg2)
42... Rc8 43. Ke3 Bb5 44. f4 Bc4 45. Rh7 Rg8 46. a3 a5 (46... Bb3 47. Kd3) 47.
Bc2 (47. d5 $1 exd5 48. Bc2 Ke6 49. Kd4 Rf8 50. f5+ Rxf5 51. Bxf5+ Kxf5 52.
Kxc3 Kxg6 53. Rh2) 47... Kd7 48. d5 Bxd5 49. Kd4 Ba2 (49... Kc6 50. f5) (49...
Bf3 50. Kxc3 Bg4 51. Kd4 Bf5 52. Bxf5 exf5 53. Kd5) 50. Kxc3 Kc6 51. Rh2 Kc5
52. Rd2 Rh8 (52... Rf8 53. Rd7 Rxf4 54. Rxg7 Rg4 55. Rd7) 53. Rd7 Rh3+ 54. Kb2
Bd5 55. Rxg7 Kd4 (55... Rg3 56. Ra7) 56. Rh7 Rg3 57. Rh5 Rg2 58. Rg5 Rf2 59. g7
Be4 60. g8=Q Rxc2+ 61. Kb3 Rc3+ 62. Ka4 Rc5 63. Rg2 $1 ({More aaccurate than} 
63. Rg3 Bc2+ 64. Rb3 Rc4+ 65. Kxa5 Bxb3 66. f5) 63... Bf3 64. Qd8+ 1-0